Statistics for Top 10 Most Deadly Diseases of All Time

Click here to take the quiz!

General Stats

  • This quiz has been taken 1,063 times
  • The average score is 5 of 10

Answer Stats

HintAnswer% Correct
10AIDS
68%
6Malaria
66%
3Smallpox
59%
5Ebola
55%
9Influenza
40%
7Bubonic Plague
39%
1The Black Death
36%
2Polio
35%
8Spanish Flu
35%
4Cholera
32%

Score Distribution

Percentile by Number Answered

Percent of People with Each Score

Your Score History

You have not taken this quiz